[Event "EU-Cup 19th"]
[Site "Rethymno"]
[Date "2003.10.02"]
[Round "5.6"]
[White "Yemelin, Vasily"]
[Black "Pigusov, Evgeny"]
[Result "1-0"]
[WhiteElo "2550"]
[BlackElo "2576"]
[Annotator "Postny,E"]
[PlyCount "107"]
[EventDate "2003.09.28"]
[EventType "team-swiss"]
[EventRounds "7"]
[EventCountry "GRE"]
[SourceTitle "CBM 098"]
[Source "ChessBase"]
[SourceDate "2004.02.03"]
[SourceVersion "1"]
[SourceVersionDate "2004.02.03"]
[SourceQuality "1"]
[WhiteTeam "St Petersburg"]
[BlackTeam "Tomsk 400"]
[WhiteTeamCountry "RUS"]
[BlackTeamCountry "RUS"]

1. e4 c5 2. Nf3 Nc6 3. d4 cxd4 4. Nxd4 g6 5. c4 Nf6 6. Nc3 d6 7. Be2 Nxd4 8.
Qxd4 Bg7 9. Bg5 O-O 10. Qd2 a5 {This is a rare move in this particular
position. Usually black plays 10...Be6.} 11. f3 $146 {Strange enough, but this
position did not appear in practice before.} (11. O-O a4 12. Bd3 Qa5 13. Rae1
Kh8 14. Qc1 Re8 15. Kh1 Be6 16. Nd5 Nd7 17. f4 Nc5 18. Bb1 Bxd5 19. exd5 e6
$132 {1/2-1/2 Mastrovasilis,D-Inarkiev,E/Goa 2002/CBM ext 91 (65)}) (11. Rd1
Be6 12. Qe3 Nd7 13. O-O a4 14. Rd2 Re8 15. Nb5 Qa5 16. b3 axb3 17. axb3 Nc5 $15
{0-1 Shinkevich,V-Inarkiev,E/Kazan 2001/EXT 2002 (29)}) (11. Rc1 a4 12. O-O Qa5
13. f3 Bd7 14. Rc2 Rfe8 15. Rb1 Bc6 16. b4 axb3 17. axb3 Qb4 18. Qc1 Ra3 19.
Na2 Qa5 20. Nc3 Qb4 $11 {1/2-1/2 Von Bahr,O-Faibisovich,V/Sweden 1999/EXT 2002
(23)}) 11... a4 12. Rc1 Be6 13. Rc2 $5 {A bit misterious move. On the one hand
- white using his advantage in space can afford himself such subtle moves, on
the other hand - what was wrong with the immediate castle?} Re8 14. Nb5 Bd7 15.
O-O Bc6 16. Rd1 Qb8 17. c5 $6 {This is not the decision, since it allows black
to solve his problem of space.} ({Deserved attention} 17. Be3 $14) 17... d5 $4
{This move simply loses important pawn.} ({Simple and good was} 17... dxc5 18.
Rxc5 (18. Bf4 e5 $13) 18... Rd8 19. Qxd8+ Qxd8 20. Rxd8+ Rxd8 $11) 18. Bxf6
Bxf6 19. exd5 Rd8 20. Bc4 Be5 (20... b6 21. dxc6 $1 Rxd2 22. Rcxd2 {[%csl Gc6]
and white's strong passed pawn decides the game quickly.}) 21. d6 Bxb5 22. Bxb5
exd6 23. f4 {Important intermediate move, keeping white's extra pawn live and
kicking.} Bg7 24. cxd6 $18 Qa7+ 25. Qf2 Qa5 {Black is trying the
simplification.} 26. Rd5 Qb4 27. Rc4 {Black's queen is trapped for the
exchange.} Qxb2 28. Qxb2 Bxb2 29. Rxa4 Rxa4 30. Bxa4 Ra8 31. Bb5 f5 32. d7 Rd8
33. Rd2 Bf6 34. Re2 Kf7 35. Re8 {Black is completely paralized, but the way to
a win is still far from easy, because of opposite colour bishops.} Be7 36. Kf2
Ke6 37. Ke3 Kd6 38. Kd4 Bf6+ 39. Kc4 Be7 (39... b6 40. Re3 $18 {[%cal Ge3d3]})
40. h3 h5 {[%tqu "En","Find the most convincing way to a win.","","","e8e7",
"This sacrifice is the most convincing way to win.",12]} 41. Rxe7 $1 {[%mdl
4608] This sacrifice is the most convincing way to win.} Kxe7 42. Kc5 g5 ({
The pawns endgame is lost a s well:} 42... Rxd7 43. Bxd7 Kxd7 44. h4 $1 Kc7 45.
Kd5 Kd7 46. Ke5 Ke7 47. a4 b6 48. g3 $18) 43. Kb6 Rg8 44. Kxb7 Kd8 45. a4 gxf4
46. Bc6 Rg3 (46... f3 47. Bxf3 Kxd7 48. a5 $18 {[%csl Ga5]}) 47. Bf3 Rg7 48. a5
Rxd7+ 49. Kb8 Rd6 50. Bb7 {The "a" pawn will cost black a full rook.} Ke7 51.
a6 Rxa6 52. Bxa6 f3 53. gxf3 Kd6 54. Bb7 1-0

[Event "ISR-chT"]
[Site "Israel"]
[Date "1996.??.??"]
[Round "9"]
[White "Psakhis, Lev"]
[Black "Alterman, Boris"]
[Result "1-0"]
[WhiteElo "2610"]
[BlackElo "2585"]
[Annotator "Psakhis,L"]
[PlyCount "61"]
[EventDate "1996.??.??"]
[EventType "team"]
[EventRounds "11"]
[EventCountry "ISR"]
[SourceTitle "CBM 052 Extra"]
[Source "ChessBase"]
[SourceDate "1996.07.01"]
[SourceVersion "1"]
[SourceVersionDate "1996.07.01"]
[SourceQuality "1"]

1. Nf3 c5 2. e4 Nc6 3. d4 cxd4 4. Nxd4 g6 5. c4 Nf6 6. Nc3 d6 7. Be2 Nxd4 8.
Qxd4 Bg7 9. Be3 O-O 10. Qd2 Be6 11. O-O Qa5 12. Rfc1 (12. Rac1 Rfc8 13. b3 a6
14. f4 b5 15. f5 Bd7 16. b4 Qxb4 17. e5 dxe5 18. fxg6 Be6 (18... hxg6 19. Rxf6
Bxf6 20. Qxd7 $14) 19. gxf7+ Bxf7 20. Bh6 Bxh6 21. Qxh6 Bxc4 22. Qg5+ Kh8 23.
Rxf6 Rg8 $19 {Ivanchuk,V-Anand,V/Moscow PCA 25'(03)/1994/0-1/33/}) (12. Rab1 $5
Rfc8 (12... Ng4 $5 13. Nd5 (13. Bd4 Bxd4 14. Qxd4 Qe5 15. Qxe5 Nxe5 $10) (13.
b4 Bxc3 $1 14. Qxc3 Qe5 15. Qxe5 Nxe5 $13) 13... Qxd2 14. Bxd2 Bxd5 15. cxd5
Nf6 16. f3 Rfc8 17. Rfc1 $14) 13. b3 a6 (13... Ng4 14. Nd5 $1 Qxd2 15. Bxd2 Kf8
16. Bg5 $14) (13... Nd7 14. Rfc1 (14. Nd5 Qxd2 15. Bxd2 Bxd5 16. exd5 b5 $15)
14... Qd8 $6 15. Nd5 {Ivanchuk,V-Anand,V/Buenos Aires/1994/} Bxd5 16. cxd5 (16.
exd5 a5 17. g4 $5 $14 (17. h4 h5 $1 18. g3 $10)) 16... Nc5 17. Bf3 a5 18. h4
$14) (13... b5 14. b4 $1 Qc7 15. e5 $1 (15. Nxb5 $6 Qb7 $1) 15... dxe5 16. Nxb5
Qb7 17. c5 $14) 14. Rfc1 Rab8 (14... b5 15. b4 $1 Qd8 16. cxb5 axb5 17. Bxb5
Ra3 18. Bf1 Rcxc3 19. Rxc3 Rxa2 20. Qc1 Nxe4 21. Ra3 $16 {Ivanchuk,V-Khalifman,
A/Yalta act 25'/1995/1:0/42/}) (14... Qb4 15. a3 Qa5 16. f3 Nd7 17. Nd5 $14 {
Zontakh,A-Velimirovic,D/Pozarevac/1995/0,5/75/}) (14... Nd7 15. f4 Rab8 16. b4
Qd8 17. Nd5 Nf6 18. Bf3 $36 {Zarnicki,P-Spangenberg,H/ARG-ch/1995/0,5/40/}) 15.
f3 Nd7 16. b4 Qd8 17. Nd5 $14 {Kudrin,S-Dzindzikhashvili,R/USA-ch/Modesto/1995/
0,5/45/}) 12... Nxe4 (12... Rfc8 13. b3 a6 (13... b5 14. cxb5 Rxc3 15. Rxc3 Rf8
16. Rc8 Qxd2 17. Rxf8+ Kxf8 18. Bxd2 Nxe4 19. Rd1 $18) 14. a4 Nd7 15. Rab1 b5
16. b4 Qc7 17. Nd5 Bxd5 18. cxb5 Bxe4 19. Rxc7 Rxc7 20. Rc1 {Dorfman,
J-Nikcevic,N/Cannes op/1995/}) 13. Nxe4 Qxd2 14. Nxd2 Bxb2 15. Bf3 Bxc1 (15...
Rfb8 $1 16. Nb3 (16. a4 Bd7 $1) 16... Bxa1 17. Nxa1 Bd7 18. c5 $13) 16. Rxc1
Rac8 (16... Rfb8 $6 17. Rb1 Bc8 18. c5 $36) (16... Rab8 $5 17. Bxa7 Ra8 18. Be3
Rxa2 19. Bxb7 Rb8 $14) 17. Bxb7 Rc7 18. Bf3 (18. Ba6 Rb8 19. Nb3 Bc8 20. Bxc8
Rbxc8 21. c5 $14) 18... Rb8 19. Bd1 Rb2 20. Bb3 d5 21. Rd1 (21. c5 $5 d4 22.
Bf4) 21... dxc4 22. Nxc4 Re2 (22... Bxc4 23. Rd8+ Kg7 24. Bd4+ f6 25. Bxb2 Bxb3
26. axb3 Rc2 27. Ba3 Ra2 28. Bc1 $18) 23. Nd2 (23. Kf1 $5 Bxc4 24. Bxc4 Rc2 25.
Bb3 R2c6 $8 (25... R2c3 $2 26. Rd8+ Kg7 27. Bd4+ $18) 26. Bf4 Rc8 27. Rd7 $18)
23... Bg4 (23... Bxb3 24. axb3 Rc3 25. Kf1 Rexe3 26. fxe3 Rxe3 27. Ra1 Rd3 28.
Ke2 Rd7 29. Ne4 $18) 24. Nf3 Rd7 25. Rc1 (25. Rxd7 Bxd7 26. Bxa7 $18) 25...
Bxf3 26. gxf3 Kg7 (26... Rb2 27. Bh6 Rd8 28. Rc7 e6 29. Rxa7 $18) 27. Kf1 (27.
Rb1 Rd3 28. Bxa7 (28. Bc4 Rdxe3 29. fxe3 Rxe3 30. Rb7 Kf6 31. Kf2 Rc3 32. Bb3
a5 33. Rb5 $18) 28... Rxf3 29. Be3 $18) 27... Rb2 28. Ra1 a5 (28... Rd3 29.
Bxa7 $5 (29. Bc1 Rdxb3 30. axb3 Rxb3 31. Rxa7 Rb1 32. Rc7) 29... Kf8 30. Be3
$18) 29. Bc1 Rbd2 30. Bxd2 Rxd2 31. a4 (31. a4 Rd3 32. Bd1 Kf6 33. Be2 Rc3 34.
Kg2 $18) 1-0

[Event "Andorra op 14th"]
[Site "Andorra"]
[Date "1996.??.??"]
[Round "8"]
[White "Psakhis, Lev"]
[Black "Rodriguez Cespedes, Amador"]
[Result "1-0"]
[WhiteElo "2610"]
[BlackElo "2485"]
[Annotator "Psakhis,L"]
[PlyCount "83"]
[EventDate "1996.06.??"]
[EventType "swiss"]
[EventRounds "9"]
[EventCountry "AND"]
[SourceTitle "CBM 054 Extra"]
[Source "ChessBase"]
[SourceDate "1996.11.01"]
[SourceVersion "1"]
[SourceVersionDate "1996.11.01"]
[SourceQuality "1"]

1. c4 c5 2. Nf3 Nc6 3. d4 cxd4 4. Nxd4 g6 5. e4 Nf6 6. Nc3 d6 7. Be2 Nxd4 8.
Qxd4 Bg7 9. Be3 O-O 10. Qd2 Be6 11. O-O (11. f3 Qa5 12. O-O Rfc8 13. Rfc1 a6
14. Rab1 Kf8 15. b4 Qd8 16. c5 Qd7 17. cxd6 Qxd6 18. Qxd6 exd6 {Rodriguez,
A-Antunes,A/Mondariz op/1994/}) 11... Qa5 12. Rab1 Rfc8 13. b3 a6 14. Rfc1 Rab8
(14... Qb4 15. a3 Qa5 16. f3 Nd7 17. Nd5 Qxd2 18. Bxd2 Bxd5 19. cxd5 $14 {
Zontakh,A-Velimirovic,D/Pozarevac/1995/0,5/75/}) (14... b5 $6 15. b4 $1 Qd8 16.
cxb5 axb5 17. Bxb5 Ra3 18. Bf1 Rcxc3 19. Rxc3 Rxa2 20. Qc1 Nxe4 21. Ra3 $16 {
Ivanchuk,V-Khalifman,A/Yalta act/1995/1:0/42/}) (14... Nd7 15. f4 Rab8 16. b4
Qd8 17. Nd5 Nf6 18. Bf3 $14 {Zarnicki,P-Spangenberg,H/ARG-ch/1995/0,5/40/}) 15.
f3 Kf8 {N/} (15... Nd7 16. b4 Qd8 17. Nd5 Bxd5 18. Qxd5 (18. cxd5 $5) 18... Qc7
19. Qd1 a5 20. a3 axb4 21. axb4 $14 {Kudrin,S-Dzindzichashvili,R/USA-ch/1995/0,
5/45/}) 16. b4 Qd8 17. Nd5 $1 $14 (17. c5 dxc5 18. Qxd8+ Rxd8 19. bxc5 $14)
17... b5 (17... Nxd5 18. exd5 Bf5 19. Rb3) 18. a3 $5 (18. cxb5 axb5 19. Rxc8
Bxc8 20. Nxf6 Bxf6 21. Rc1 Bd7 $10) (18. a4 $6 bxa4 19. Qa2 (19. Nxf6 Bxf6 20.
Qa2 Bd7) 19... Nxd5 $1 20. cxd5 (20. exd5 Bf5) 20... Rxc1+ 21. Rxc1 Bd7 $15)
18... Rc6 (18... Nxd5 19. exd5 Bf5 20. Rb3 $14 (20. Bd3 $6 bxc4 21. Bxf5 gxf5
22. Bd4 $140 Bxd4+ 23. Qxd4 Qb6 $1)) (18... Bd7 $5) 19. a4 $5 (19. Nxf6 Bxf6
20. cxb5 Rxc1+ 21. Rxc1 axb5 22. Bd4 Bxd4+ 23. Qxd4 $14) (19. cxb5 $1 Rxc1+ 20.
Rxc1 axb5 (20... Bxd5 21. exd5 axb5 22. Rc6 $16) 21. Nc7 Bd7 22. e5 $1 Ne8 (
22... dxe5 23. Bxb5 Bxb5 24. Qxd8+ Rxd8 25. Nxb5 $16) 23. exd6 (23. Nxe8 Bxe8
24. exd6 Qxd6 25. Qxd6 exd6 26. Rc7 Ra8 27. Bf4 $14) 23... Nxd6 (23... exd6 24.
Bf4 $1 (24. Ba7 Rb7 25. Nxe8 Qxe8 (25... Bxe8 26. Bc5 Rd7 27. Bd4 Re7 28. Bxg7+
Kxg7 $14) 26. Bf2 $36) 24... Qf6 25. Rd1 $1 $16) 24. Rc5 $1 Nf5 (24... Rc8 25.
Nxb5 $1 Bxb5 26. Bxb5 Nxb5 27. Qxd8+ Rxd8 28. Rxb5 $18) 25. Rd5 $16) 19... bxa4
(19... bxc4 20. Bxc4 Rbc8 21. Qa2 $1 $16) 20. Qa2 Bd7 $8 21. Bd1 Nxd5 22. exd5
Rc7 23. Bxa4 Rcb7 (23... Bf5 24. Bc2 Bxc2 25. Qxc2 Rcb7 26. Qa4 $16) 24. Bxd7
Qxd7 25. c5 $1 (25. Qa5 Qc7 26. Qxc7 Rxc7 $14) 25... Rxb4 $1 $138 (25... Qb5 $1
$8 26. c6 Rc7 27. Qa5 Rcc8 28. Ba7 Ra8 $1 $14) 26. Rxb4 Rxb4 27. c6 (27. cxd6
$2 exd6 28. Qxa6 Rb8 $14) 27... Qc8 28. c7 $1 Ke8 29. Qc2 f5 (29... Rb2 $2 30.
Qc6+ Kf8 31. Qxa6 $1 Qxa6 32. c8=Q+ Qxc8 33. Rxc8#) 30. Qe2 $1 Rb2 (30... Rb3
$1 31. Bg5 (31. Bf2 Rc3 32. Rxc3 Bxc3 33. Bb6 Qb7) (31. Bd2 Bd4+ 32. Kh1 Bc5
33. Ba5 Be3 (33... Re3 34. Qb2 $16)) 31... Be5 32. Qc4 $1 (32. f4 Bd4+ 33. Kf1
(33. Kh1 $2 Qxc7) 33... Be3 $1) 32... Rb5 33. f4 $18) 31. Qc4 Kf7 32. Bd4 $1 (
32. h4 $5) 32... Bxd4+ 33. Qxd4 Rb7 (33... Rb3 34. Qh4 h5 35. Qe1 $1 $18) 34.
Qe3 $1 $18 Qxc7 (34... Rxc7 35. Qe6+ $1 Qxe6 36. dxe6+ Kxe6 37. Rxc7 $18) (
34... e5 35. dxe6+ Ke8 36. Qd4 Ke7 37. Qh4+ $1 Kxe6 38. Qd8) 35. Rxc7 Rxc7 36.
Qa3 Rc5 (36... Ra7 37. Qa5) 37. Qxa6 Rxd5 38. Qc4 e6 39. Qc7+ Kg8 40. Qd8+ Kf7
41. Qd7+ Kf6 42. Qxh7 1-0

[Event "Biel GM 50th"]
[Site "Biel"]
[Date "2017.07.30"]
[Round "6"]
[White "Harikrishna, Pentala"]
[Black "Hou, Yifan"]
[Result "1-0"]
[WhiteElo "2737"]
[BlackElo "2666"]
[Annotator "Quintiliano,R"]
[PlyCount "103"]
[EventDate "2017.07.24"]
[EventType "tourn"]
[EventRounds "9"]
[EventCountry "SUI"]
[EventCategory "16"]
[SourceTitle "CBM 180"]
[Source "ChessBase"]
[SourceDate "2017.09.13"]
[SourceVersion "1"]
[SourceVersionDate "2017.09.13"]
[SourceQuality "1"]

{This game made a great impression on me, because it's a good example of how
annoying it can be to defend a slightly inferior position in which your
opponent has threats in both sides of the board. Harikrishna skillfully
manages to confound and beat Hou Yifan, who was in the way to achieving her
best result ever in Elite tournaments, winning Biel in a clear first-place.} 1.
c4 c5 2. Nf3 Nc6 3. d4 cxd4 4. Nxd4 g6 5. e4 {Starting with an English, we
have now an Accelerated Dragon on the board, with the solid Maroczy Variation,
which in general usually gets a tiny advantage for White.} Nf6 6. Nc3 d6 7. Be2
Nxd4 {Hou Yifan has played this variation many times against the Maroczy.} (
7... Bg7 8. Be3 O-O 9. O-O Bd7 {is the most played.}) 8. Qxd4 Bg7 9. Be3 O-O
10. Qd2 a5 (10... Be6 {is the other way to put rapid pressure on White's
position, but in my opinion White retains the better chances, for example} 11.
Rc1 Qa5 12. f3 Rfc8 13. b3 a6 {[%cal Yb7b5]} 14. Na4 $1 Qxd2+ 15. Kxd2 Nd7 16.
g4 $1 {and despite the simplifications, practice has shown that White keeps
the best chances in this endgame, enjoying his space advantage.}) 11. O-O a4 {
[%csl Ga4][%cal Yd8a5] With the last two moves, Black is trying to prevent
White's expansion on the queenside, and to get a nice square for his queen on
a5.} 12. Rad1 {The beginning of a less played but very interesting idea.} ({
A lot of games followed} 12. f3 Qa5 13. Rab1 Be6 14. Rfc1 Rfc8 15. b4 axb3 16.
axb3 Qb4 $1 {(necessary to stop b4)} 17. Rc2 $1 {Short,N (2688)-Vocaturo,D 
(2592) Xtracon Chess Open 2017 (7.3) 1-0 Despite the computer evaluating this
position as equal, I like White's chances in the endgame, even although this
is probably a matter of taste, and objectively the position should be just
even, but we can find some interesting examples of how White can play for a
win, like}) 12... Qa5 13. Bd4 Be6 14. Qe3 {[%cal Gc3d5] Now White is ready for
Nd5.} (14. f4 {is the most played .}) 14... Nd7 (14... Rfc8 {would be similar}
15. Nd5 Bxd5 16. exd5 Re8 17. h4 $5) 15. Nd5 Rfe8 16. h4 $1 {A very useful
move, this pawn can put pressure on Black's position quite unexpectedly.} Bxd5
({For example} 16... Rac8 17. h5 Ne5 18. h6 $1 Bh8 19. b4 $1 axb3 20. axb3 {
[%cal Yf2f4] and the presence of the h6-pawn helps White to create mating
threats.}) 17. cxd5 $1 {More usual in Maroczy positions is to take on d5 with
the e-pawn, opening the e-file and trying to build pressure against the
e7-pawn, but as White has not played f3 yet, he can try to win the c-file
thanks to a good detail.} (17. exd5 e5 $1 18. dxe6 (18. Bc3 Qc5 19. Qh3 f5 20.
h5 e4 $1 $132) 18... Rxe6 19. Qf3 Bxd4 20. Rxd4 Qb4 {gives a totally playabe
position for Black.}) 17... Bxd4 18. Rxd4 Qb6 19. Qd2 Rec8 (19... Nc5 20. h5 {
[%cal Yd2h6,Ye4e5,Gd4h4]} Kg7 21. Rc4 Rac8 22. Rfc1 f6 23. e5 $1 fxe5 24. R1c3
{[%cal Yc3g3] with a strong attack coming.}) 20. Bg4 $1 {This is the point,
now White can win the c-file, or transpose to a favourable Q+R endgame.} Rc7
21. Rb4 Qa5 22. Bxd7 Rxd7 23. Rc1 Rc7 (23... a3 $5 24. bxa3 Qxa3 25. h5 $36
Qxa2 $4 26. Rc8+ Kg7 27. h6+ Kf6 28. Qf4#) 24. Rxc7 Qxc7 25. a3 $1 {[%csl Ga4]
A good move, fixing the a-pawn as a weakness. Black's position doesn't look
terrible, maybe just slightly more difficult to play, but in Q+R endgames, the
side with prospects of an attack on the opponent's king always has winning
chances. Practice has shown this even between very strong grandmasters. In the
current position, White can harass the a4-pawn for a long time, the h5-ideas
are always in the air, and in addition the Rb4 is excellently placed, pressing
on a4 and b7, and is ready to join in an eventual attack in the kingside after
a well timed e4-e5. Watching the game, I felt that it would be a very
unpleasant task for Hou to defend this position.} Qd7 26. Qd1 b5 27. Qe2 Ra5 $6
{I'm not sure, but maybe Hou wanted to avoid ideas like b3.} ({for example} 
27... Rb8 28. Qd3 Rb7 29. b3 axb3 30. Qxb3 {[%cal Ya3a4] but here} Rc7 $1 31.
Rxb5 Qg4 $132 {with enough counterplay}) 28. g3 {Do not hurry - a golden rule
in such positions! White just makes some small improvements without changing
character of the position - in general a good way to proceed in positions
where you have an easier game, but no clear way to break through your
opponent's defences.} h5 29. Kg2 Kh7 30. Qf3 Kg8 31. Qc3 Ra7 {Black should
take some care here.} (31... Kh7 32. Qc6 $1 {this shows that the defender's
task it is not so easy} Qxc6 33. dxc6 Ra6 34. Rxb5 Rxc6 35. Rb7 Kg7 36. Rxe7
Rb6 37. Ra7 Rxb2 38. Rxa4 $16) 32. Qd3 Ra5 ({Thanks to the small improvements
of White's king} 32... Rb7 {is not possible anymore} 33. b3 axb3 34. Qxb3 {
[%cal Ya3a4]}) 33. Qf1 {Still playing with patience.} Kg7 34. Qd1 {Now the
threat is Qd4+ and Qb6.} Qc7 35. Qd3 Qc5 {The black queen has reached a more
active position now, but this doesn't means that Black has really improved her
position.} 36. Qe2 Kf8 $6 {And here, as happens in such positions, due to the
tiredness of continually being on the defensive or time pressure (or both)
Black leaves White a good chance to start concrete operations, which
Harikrishna takes immediately.} (36... Qc8 $1 {[%csl Yg4] was the move,
guarding the g4-square. White can keep moving the queen from one side to
another, but the only way to try to win now is} 37. e5 (37. Rxb5 $2 Qa6 $1)
37... Qf5 $1 38. Re4 (38. Rxb5 Rxb5 39. Qxb5 Qe4+ 40. Kh2 dxe5 41. b4 axb3 42.
Qxb3 Qd4 43. Kg2 f5 {and it looks like Black should have good chances to draw
this endgame} 44. a4 f4 $132) 38... Ra7 39. Qe3 (39. Rf4 Qxe5 40. Qxb5 Rc7 41.
Qxa4 (41. Rxa4 Rc1 $1 $19 {[%cal Re5e1]}) 41... Qxd5+ 42. Qe4 Qb5 $13) 39...
Rc7 40. exd6 exd6 41. Qd4+ Qf6 {and Black has no problems.}) 37. g4 $1 hxg4 38.
Qxg4 Ra8 39. h5 $36 {Taking the initiative against Black's king.} Kg7 40. hxg6
fxg6 $2 {This is the real mistake, in an already difficult situation. Black
had two good moves here, but to be fair, both were very difficult to calculate.
} (40... Rg8 $1 {would be a beautiful resource, but also difficult to find} 41.
Qd7 $1 Kxg6 42. Qxe7 Rh8 $1 {the point is an unavoidable draw by perpetual
check} 43. Qd7 Rh2+ 44. Kxh2 Qxf2+ $11) (40... Rf8 {is the engine's mysterious
suggestion} 41. gxf7+ Kxf7 42. Qf4+ Ke8 {[%csl Gf2][%cal Yf8f2,Yc5f2] the
mystery is revealed: counterplay against f2!} 43. Qg3 Kf7 $1 {[%cal Yf8g8]} 44.
Qc3 Qxc3 45. bxc3 Rc8 $11) 41. Qd7 {[%csl Rb5,Re7]} Rf8 (41... Ra7 {was worse}
42. Qe6 $1 Qc1 {[%cal Yc1g5]} 43. e5 $1 Qg5+ 44. Rg4 Qh5 45. exd6 exd6 46. f4
Rf7 47. Rg5 Qh6 48. Qxd6 $18) 42. Qxe7+ Rf7 43. Qh4 {Now the queen comes just
in time to protect the f2-pawn.} g5 $6 44. Qg3 {The fact that a player of
Harikrishna's strength refuses this pawn, only shows how dangerous it is to
open your king in positions like this.} (44. Qxg5+ Kf8 45. Qd2 Rg7+ 46. Kf1 Rh7
$1 {objectively, White should be winning, but Black still has some ideas to
try.}) 44... Kg6 45. Qe3 {Looking for the safest win.} Qc8 ({The endgame seems
lost for Black:} 45... Qxe3 46. fxe3 {[%csl Gb5]} Re7 47. Kf3 Rf7+ 48. Ke2 Rb7
49. b3 $1 axb3 50. a4 $1 Kf6 51. axb5 Ke5 52. b6 $18) 46. e5 $1 {Now White can
enjoy better coordination of his Q+R, and playing with care, it's basically
over.} dxe5 47. Qxe5 Qc2 48. Qe3 Rf6 49. Rd4 $18 Kf7 (49... Qxb2 50. d6 {
and the pawn's march is unstoppable.}) 50. Re4 Qc8 51. Qxg5 Qc5 (51... Rg6 52.
Re7+) 52. Qh5+ {At first sight, a simple win by Harikrishna, but with some
analysis we can see how difficult Hou's position was. A nice example of how to
handle Q+R endgames!} 1-0